Εργασιακό Περιβάλλον Φιλίες Επιτυχίες (Record no. 9631)
[ view plain ]
| 000 -LEADER | |
|---|---|
| fixed length control field | 01597cam a22001814a 4500 |
| 005 - ΗΜΕΡΟΜΗΝΙΑ ΚΑΙ ΩΡΑ ΤΕΛΕΥΤΑΙΑΣ ΕΝΗΜΕΡΩΣΗΣ | |
| Πεδίο ελέγχου | 20250605164405.0 |
| 008 - FIXED-LENGTH DATA ELEMENTS--GENERAL INFORMATION | |
| Πεδίο ελέγχου σταθερού μήκους | 250528s ||||||||||||||||||||||||d |
| 035 ## - SYSTEM CONTROL NUMBER | |
| System control number | 24780 |
| 040 ## - ΠΗΓΗ ΚΑΤΑΛΟΓΟΓΡΑΦΗΣΗΣ | |
| Φορέας πρωτότυπης καταλογογράφησης | MC Athens Campus Library |
| Γλώσσα καταλογογράφησης | Ελληνικά, Μοντέρνα (1453-) |
| Modifying agency | MC Athens Campus Library |
| Κανόνες περιγραφικής καταλογογράφησης | AACR2 |
| 245 1# - ΤΙΤΛΟΣ ΚΑΙ ΔΗΛΩΣΗ ΥΠΕΥΘΥΝΟΤΗΤΑΣ | |
| Τίτλος | Εργασιακό Περιβάλλον Φιλίες Επιτυχίες |
| 260 ## - PUBLICATION, DISTRIBUTION, ETC. | |
| Name of publisher, distributor, etc. | Δελτίον Διοικήσεως Επιχειρήσεων, |
| Date of publication, distribution, etc. | 2023 |
| 300 ## - PHYSICAL DESCRIPTION | |
| Extent | 104 |
| 520 ## - SUMMARY, ETC. | |
| Summary, etc. | Η Δύναμη των Φίλων στο Εργασιακό Περιβάλλον, Η Αθήνα Υποδέχτηκε την Παγκόσμια Ναυτιλιακή Κοινότητα, Κατευθύνσεις για το Δικαίωμα Πρόσβασης στα Προσωπικά Δεδομένα, Πώς το Branding Σχετίζεται με τον Τζίρο και την Κερδοφορία των Επιχειρήσεων, Η Επισκεψιμότητα Επέστρεψε στα προ Πανδημίας Επίπεδα και Εκτινάχτηκε Έναντι του 2021, Νέα Χρηματοδοτικά Εργαλεία από την Ελληνική Αναπτυξιακή Έρευνα, Οι Στόχοι Βιώσιμης Ανάπτυξης στην ΕΕ το 2022, Επιτυχής Ολοκλήρωση της Επιθεώρησης της Χώρας μας απο τον IMO, Τα Νέα των Βιομηχανικών και Εμπορικών Επιχειρήσεων. |
| 700 1# - ΠΡΟΣΘΕΤΗ ΑΝΑΓΡΑΦΗ--ΦΥΣΙΚΟ ΠΡΟΣΩΠΟ | |
| Personal name | Παπαμιχαλάκης, Κωνσταντίνος Ι |
| 9 (RLIN) | 9496 |
| 942 ## - ADDED ENTRY ELEMENTS (KOHA) | |
| Koha item type | Περιοδικά Δημοσιεύματα |
| Τύπος τεκμηρίου | Βιβλιοθήκη | Τρέχουσα τοποθεσία | Barcode | Ημερομηνία απόκτησης | Ταξιθετικό σύμβολο | Αριθμός αντιτύπου | Κατάσταση απόσυρσης | Κατάσταση χαμένου | Κατάσταση κατεστραμμένου | Μη δανεισμός | Σύνολο δανεισμών | Ημερομηνία τελευταίας εμφάνισης | Η τιμή ισχύει από |
|---|---|---|---|---|---|---|---|---|---|---|---|---|---|
| Περιοδικά Δημοσιεύματα | MC Athens Campus Library | MC Athens Campus Library | 9780000096302 | 05/06/2025 | ΔΕΛΤΙΟΝ ΔΙΟΙΚΗΣΗ ΕΠΙΧΕΙΡΗΣΕΩΝ | 1 | 05/06/2025 | 05/06/2025 |